000 00281nam a22001097a 4500
008 240610b |||||||| |||| 00| 0 eng d
100 _aAdvani, Jagat
_915209
245 _aPyar Thmlo Ahe Zindagi Me Aik Dafo
260 _aBombay:
_bSindhi Pub
_c1968.
300 _a108p.
942 _cBK
999 _c39460
_d39460